| 000 | 00354nam a2200157Ia 4500 | ||
|---|---|---|---|
| 008 | 230711s9999||||xx |||||||||||||| ||und|| | ||
| 041 | _aENG | ||
| 082 |
_a720 _bMA-H |
||
| 100 | _aMacDonald,Fiona | ||
| 245 | 0 | _aHelen keller | |
| 250 | _a1st | ||
| 260 |
_c1995 _aNew Delhi _bOrient Longman Pvt.Ltd |
||
| 300 | _a64 | ||
| 650 | _aLiterature | ||
| 942 | _cBK | ||
| 999 |
_c3387 _d3387 |
||